Frankenstein

Αποθηκεύτηκε σε:
Λεπτομέρειες βιβλιογραφικής εγγραφής
Κύριος συγγραφέας: Shelley, Mary Wollstonecraft, 1797-1851
Μορφή: Βιβλίο
Γλώσσα:English
Δημοσίευση: Oxford : Oxford University Press, 1992
Σειρά:Oxford bookworms
Θέματα:
Ετικέτες: Προσθήκη ετικέτας
Δεν υπάρχουν, Καταχωρήστε ετικέτα πρώτοι!

MARC

LEADER 00000nam a2200000 i 4500
001 1/64372
008 941103s1992 eng d
020 |a 0-19-421642-X 
035 |a 1993  |c ΒΙΒΛΙΟΘΗΚΗ  |l 10046953 
040 |a GR-MY-UA  |b gre  |e aacr 
041 0 |a eng 
082 0 |a 428.64  |2 (21) 
100 1 |a Shelley, Mary Wollstonecraft,   |d 1797-1851. 
245 1 0 |a Frankenstein /  |c Mary ASheley ; retold by Patrick Nobes 
260 |a Oxford :   |b Oxford University Press,   |c 1992 
300 |a 59 σ.;  |c 20 εκ. 
490 1 |a Oxford bookworms 
650 0 0 |a English language  |v Textbooks for foreign speakers. 
650 0 0 |a English language  |x Readers. 
830 0 |a Oxford bookworms 
852 |a INST  |b SAMOS  |e 19941103  |h 428.64 SHE  |p 005300002521  |q 005300002521  |t BK  |y 0 
909 |a Σ  |b 030797